Hypothetically speaking (Record no. 80122)
[ view plain ]
| 000 -LEADER | |
|---|---|
| fixed length control field | 01627cab a22002775a 4500 |
| 001 - CONTROL NUMBER | |
| control field | L143262 |
| 008 - FIXED-LENGTH DATA ELEMENTS--GENERAL INFORMATION | |
| fixed length control field | 080422e20080419xxk f 000 0 eng d |
| 035 ## - SYSTEM CONTROL NUMBER | |
| System control number | (Sirsi) u143262 |
| 041 0# - LANGUAGE CODE | |
| Language code of text/sound track or separate title | eng |
| 100 1# - MAIN ENTRY--PERSONAL NAME | |
| Personal name | Roberts, Philip |
| 245 00 - TITLE STATEMENT | |
| Title | Hypothetically speaking |
| 260 ## - PUBLICATION, DISTRIBUTION, ETC. | |
| Date of publication, distribution, etc. | 2008 |
| 490 ## - SERIES STATEMENT | |
| Series statement | Estates Gazette |
| Volume/sequential designation | (0815) 19 April 2008, 168-169(2) |
| 520 ## - SUMMARY, ETC. | |
| Summary, etc. | Mainly for Students article provides guidance on rent reviews for commercial leases. These periodic reviews are intended to keep commercial rent at or above the current market value. They can involve formal or informal discussions between the parties. Recommends that they are not performed against a background of tight time constraints. Reviews are valued as a hypothetical lease which ignores contingencies which may produce an unfair value, such as a tenant's history at a given location. Details common assumption within leases and underlines the importance of the process to the market. Case law. |
| 590 ## - LOCAL NOTE (RLIN) | |
| Local note | KA |
| 650 24 - SUBJECT ADDED ENTRY--TOPICAL TERM | |
| Topical term or geographic name entry element | UNITED SCIENTIFIC HOLDINGS LTD V BURNLEY BC |
| 650 24 - SUBJECT ADDED ENTRY--TOPICAL TERM | |
| Topical term or geographic name entry element | CENTRAL ESTATES LTD V SOS ENVIRONMENT |
| 650 24 - SUBJECT ADDED ENTRY--TOPICAL TERM | |
| Topical term or geographic name entry element | NATIONAL WESTMINSTER BANK PLC V ARTHUR YOUNG MCLELLAND MOORES AND CO |
| 650 24 - SUBJECT ADDED ENTRY--TOPICAL TERM | |
| Topical term or geographic name entry element | NORWICH UNION LIFE INSURANCE SOCIETY V TRUSTEE SAVINGS BANKS CENTRAL BOARD |
| 650 24 - SUBJECT ADDED ENTRY--TOPICAL TERM | |
| Topical term or geographic name entry element | BRITISH GAS CORPORATION V UNIVERSITIES SUPERANNUATION SCHEME LTD |
| 650 24 - SUBJECT ADDED ENTRY--TOPICAL TERM | |
| Topical term or geographic name entry element | CANARY WHARF INVESTMENTS V TELEGRAPH GROUP LTD |
| 650 24 - SUBJECT ADDED ENTRY--TOPICAL TERM | |
| Topical term or geographic name entry element | ARBITRATION ACT 1996 |
| 651 #4 - SUBJECT ADDED ENTRY--GEOGRAPHIC NAME | |
| Geographic name | United Kingdom |
| Chronological subdivision | |
| 690 ## - LOCAL SUBJECT ADDED ENTRY--TOPICAL TERM (OCLC, RLIN) | |
| Topical term or geographic name as entry element | PROPERTY-COMMERCIAL PROPERTY-COMMERCIAL LANDLORD AND TENANT-BUSINESS TENANCIES-RENT REVIEW (BUSINESS TENANCIES) |
| 942 ## - ADDED ENTRY ELEMENTS (KOHA) | |
| Suppress in OPAC | 0 |
| Withdrawn status | Lost status | Source of classification or shelving scheme | Damaged status | Not for loan | Home library | Current library | Shelving location | Date acquired | Total Checkouts | Full call number | Barcode | Date last seen | Copy number | Price effective from | Koha item type |
|---|---|---|---|---|---|---|---|---|---|---|---|---|---|---|---|
| Dewey Decimal Classification | London | London | Journal article | 22/04/2008 | L143262 | 143262-1001 | 06/08/2019 | 1 | 06/08/2019 | Journal article |